Communicating with the world : U.S. public diplomacy overseas / (Record no. 8675)
[ view plain ]
| 000 -LEADER | |
|---|---|
| fixed length control field | 01365cam a2200265 a 4500 |
| 001 - CONTROL NUMBER | |
| control field | 1982785 |
| 005 - DATE AND TIME OF LATEST TRANSACTION | |
| control field | 20220324113852.0 |
| 008 - FIXED-LENGTH DATA ELEMENTS--GENERAL INFORMATION | |
| fixed length control field | 891205s1990 nyu b 001 0 eng |
| 010 ## - LIBRARY OF CONGRESS CONTROL NUMBER | |
| LC control number | 89049579 |
| 020 ## - INTERNATIONAL STANDARD BOOK NUMBER | |
| International Standard Book Number | 0312045328 |
| 020 ## - INTERNATIONAL STANDARD BOOK NUMBER | |
| International Standard Book Number | 0312048092 (pbk.) |
| 040 ## - CATALOGING SOURCE | |
| Original cataloging agency | DLC |
| 050 00 - LIBRARY OF CONGRESS CALL NUMBER | |
| Classification number | JX1706.T78 |
| 082 00 - DEWEY DECIMAL CLASSIFICATION NUMBER | |
| Classification number | 327.2 |
| Edition number | 20 |
| 100 1# - MAIN ENTRY--PERSONAL NAME | |
| Personal name | Tuch, Hans N., |
| 245 10 - TITLE STATEMENT | |
| Title | Communicating with the world : U.S. public diplomacy overseas / |
| Statement of responsibility, etc. | Hans N. Tuch ; foreword by Marvin Kalb. |
| 260 ## - PUBLICATION, DISTRIBUTION, ETC. | |
| Place of publication, distribution, etc. | New York : |
| Name of publisher, distributor, etc. | St. Martin's Press, |
| Date of publication, distribution, etc. | 1990. |
| 300 ## - PHYSICAL DESCRIPTION | |
| Extent | xvi, 224 p. ; |
| Dimensions | 22 cm. |
| 504 ## - BIBLIOGRAPHY, ETC. NOTE | |
| Bibliography, etc. note | Includes bibliographical references and index. |
| 505 ## - FORMATTED CONTENTS NOTE | |
| Formatted contents note | Contents : Part 1. The practice of U.S. public diplomacy abroad: Defining public diplomacy -- The origin and development of U.S. public diplomacy -- Practicing public diplomacy -- The mothods -The media -- The voice of America -- worlnet -- The Advisory function -- A critique of U.S. public diplomacy -- Part 2 . Case studies in the practice of public diplomacy : The beginning of U.S.-soviet cultural relations -- Practicing public diplomacy in Brazil -- Dealing with German ''successor generation'' -- INF deployment in federal rebublic of Germany |
| 650 #0 - SUBJECT ADDED ENTRY--TOPICAL TERM | |
| Topical term or geographic name entry element | Diplomatic and consular service, American. |
| 650 #0 - SUBJECT ADDED ENTRY--TOPICAL TERM | |
| Topical term or geographic name entry element | Diplomacy. |
| 906 ## - LOCAL DATA ELEMENT F, LDF (RLIN) | |
| a | 7 |
| b | cbc |
| c | orignew |
| d | 1 |
| e | ocip |
| f | 19 |
| g | y-gencatlg |
| 942 ## - ADDED ENTRY ELEMENTS (KOHA) | |
| Source of classification or shelving scheme | Library of Congress Classification |
| Koha item type | Books |
| Withdrawn status | Lost status | Source of classification or shelving scheme | Damaged status | Not for loan | Home library | Current library | Shelving location | Date acquired | Full call number | Barcode | Date last seen | Copy number | Price effective from | Koha item type |
|---|---|---|---|---|---|---|---|---|---|---|---|---|---|---|
| Library of Congress Classification | WISCONSIN INTERNATIONAL UNIVERSITY COLLEGE, GHANA - MAIN LIBRARY | WISCONSIN INTERNATIONAL UNIVERSITY COLLEGE, GHANA - MAIN LIBRARY | Reference | 11/02/2022 | JX1706.T78 | 9146/595/22 | 11/02/2022 | 1 | 11/02/2022 | Books |
